000 00641cam a22001937a 4500
008 180718b2008 xxu||||| |||| 00| 0 eng d
020 _a0195689445
082 _aA6x54 Ja19
100 _aJahanbegloo, Ramin
245 _aIndia revisited: conversations on continuity and change
_cby Ramin Jahanbegloo
260 _aNew Delhi
_bOxford Univ. Press
_c2008
300 _a280p.
650 _aIndia --Religion.
650 _aIndia --History --1947-
650 _aIndia --Politics and government --1977-
650 _aIndia -Social conditions -1947-
650 _aIndia -Civilization --21st century
650 _aJahanbegloo, Ramin -Interview
999 _c407277
_d407277